000 00495nam a2200169Ia 4500
008 240729s9999 xx 000 0 und d
022 _a2090-6439
245 0 _aCase Reports in Critical Care
260 _aUnited Kingdom
260 _bHindawi Limited
650 _a Internal medicine
650 _a Medical emergencies. Critical care. Intensive care. First aid
650 _aMedicine
856 _uhttps://doaj.org/toc/69b67aa31f49405db18a0904a10979f1
942 _2ddc
942 _cDOAJEJ
999 _c71670
_d71670
945 _a1
_bMadushi Gamage
_c1
_dMadushi Gamage